| LEADER | 01718nam a22004932a 4500 | ||
|---|---|---|---|
| 001 | 001643594 | ||
| 003 | CZ BrMZK | ||
| 005 | 20180904110518.0 | ||
| 007 | ta | ||
| 008 | 180823s1992 xr a er|||||||||||cze d | ||
| 020 | |z 80-900355-9-8 |q (brož.) | ||
| 040 | |a BOA001 |b cze |e aacr2 | ||
| 043 | |a e-it--- | ||
| 045 | |a i8j4 | ||
| 072 | 7 | |a 27-78 |x Křesťanská sdružení, spolky a organizace. Řeholní řády |2 Konspekt |9 5 | |
| 072 | 7 | |a 929 |x Biografie |2 Konspekt |9 8 | |
| 080 | |a 27-36 |2 MRF | ||
| 080 | |a 27-789.2 |2 MRF | ||
| 080 | |a 27-789.2-1/-9 |2 MRF | ||
| 080 | |a 27-788-1/-9 |2 MRF | ||
| 080 | |a 27-58-021.56 |2 MRF | ||
| 080 | |a 929 |2 MRF | ||
| 080 | |a (450) |2 MRF | ||
| 080 | |a (092) |2 MRF | ||
| 245 | 0 | 0 | |a Svatý Benedikt |
| 250 | |a 1. vyd. | ||
| 260 | |a Praha : |b Scriptum, |c 1992 | ||
| 300 | |a 193 s. : |b il. ; |c 18 cm | ||
| 500 | |a 5000 výt. | ||
| 600 | 0 | 7 | |a Benedikt z Nursie, |c svatý, |d asi 480-asi 543 |7 jn19990000660 |2 czenas |
| 600 | 0 | 7 | |a Benedikt z Nursie, |c svatý, |d asi 480-asi 543. |t Regula |7 aun2006372226 |2 czenas |
| 648 | 7 | |a 5.-6. století |7 ch757153 |2 czenas | |
| 648 | 7 | |a 6. století |7 ch460544 |2 czenas | |
| 650 | 0 | 7 | |a křesťanští světci |7 ph115082 |z Itálie |y 5.-6. století |2 czenas |
| 650 | 0 | 7 | |a benediktini |7 ph114135 |z Itálie |y 5.-6. století |2 czenas |
| 650 | 0 | 7 | |a benediktinská spiritualita |7 ph166049 |2 czenas |
| 650 | 0 | 7 | |a řeholní život |7 ph128285 |2 czenas |
| 650 | 0 | 7 | |a duchovní tradice |7 ph170913 |2 czenas |
| 650 | 0 | 7 | |a řehole (texty) |7 ph116862 |y 6. století |2 czenas |
| 655 | 7 | |a biografie |7 fd131909 |2 czenas | |
| 910 | |a BOA001 |b 1-1412.319 | ||
| 990 | |a BK | ||
| 991 | |b 201806 | ||
| 996 | 6 | |b 2610753473 |c 1-1412.319 |l MZK |r Sklad / do 1 hodiny |n 3 |p dar |w 001681350 |u 000010 |a 1 |e BOA001 |j MZK50 |s P | |
English
Čeština 